[Event "Schleswig Holstein-chB U16"]
[Site "Neumuenster"]
[Date "2001.04.11"]
[Round "6"]
[White "Lotzin, Felix Christoph"]
[Black "Herbst, Tobias"]
[Result "1/2-1/2"]
[WhiteElo "1101"]
[BlackElo "1100"]
[PlyCount "23"]
[EventDate "2001.04.??"]
[EventType "swiss"]
[EventRounds "9"]
[EventCountry "GER"]
[SourceTitle "EXT 2003"]
[Source "ChessBase"]
[SourceDate "2002.11.25"]
[SourceVersion "1"]
[SourceVersionDate "2002.11.25"]
[SourceQuality "1"]

1. e4 e6 2. Nf3 b6 3. Nc3 Bb7 4. Bc4 d5 5. exd5 exd5 6. Qe2+ Ne7 7. Bd3 g6 8. b3 Bg7 9. Bb2 0-0 10. 0-0-0 Re8 11. Rde1 Nbc6 12. Bb5 1/2-1/2

[Event "Schleswig Holstein-chB U14"]
[Site "Neumuenster"]
[Date "2000.04.17"]
[Round "4"]
[White "Herbst, Tobias"]
[Black "Arend, Moritz"]
[Result "1/2-1/2"]
[WhiteElo "958"]
[BlackElo "756"]
[PlyCount "114"]
[EventDate "2000.04.??"]
[EventType "swiss"]
[EventRounds "9"]
[EventCountry "GER"]
[SourceTitle "EXT 2003"]
[Source "ChessBase"]
[SourceDate "2002.11.25"]
[SourceVersion "1"]
[SourceVersionDate "2002.11.25"]
[SourceQuality "1"]

1. e4 e6 2. Nc3 Bb4 3. a3 Bxc3 4. bxc3 d5 5. exd5 exd5 6. Bb2 a6 7. c4 Nf6 8. Qe2+ Be6 9. cxd5 Qxd5 10. Bxf6 gxf6 11. Qf3 Qxf3 12. Nxf3 Bf5 13. 0-0-0 Bg4 14. Re1+ Kd7 15. Bc4 Be6 16. Bxe6+ fxe6 17. g3 Nc6 18. c3 e5 19. d4 exd4 20. cxd4 Rae8 21. Rxe8 Rxe8 22. Rd1 Re2 23. Rd2 Re4 24. Kc2 Kd6 25. Kc3 Kd5 26. h4 b5 27. g4 Rxg4 28. Kb2 Nxd4 29. Nxd4 Rxd4 30. Re2 Rxh4 31. Re7 Rh2 32. Rxc7 Rxf2+ 33. Kb1 a5 34. Rd7+ Kc6 35. Rxh7 b4 36. axb4 axb4 37. Rh4 Kc5 38. Rh5+ Kc4 39. Rh4+ Kc3 40. Rh3+ Kc4 41. Rh4+ Kb3 42. Rh3+ Ka4 43. Kc1 b3 44. Rh4+ Ka3 45. Rc4 b2+ 46. Kb1 Kb3 47. Rf4 Rc2 48. Rf1 Rc1+ 49. Rxc1 bxc1Q+ 50. Kxc1 Kc3 51. Kd1 Kd3 52. Ke1 Ke3 53. Kf1 f5 54. Kg2 f4 55. Kf1 f3 56. Ke1 f2+ 57. Kf1 Kf3 1/2-1/2